000 00547nam a2200181Ia 4500
008 100920s9999 xx 000 0 und d
082 _b95671
_a891.463.1 न 05
100 _aमहाडीक नलिनी.
245 _aभोवरा.
260 _bमनोकामना प्रकाशन ,इस्लामपूर.
_c2005
300 _a124
_bसाधी
365 _b140
520 _aलघुकथा.
630 _aभोवरा.
650 _aलघुकथा.
730 _aभोवरा.
942 _cBOOK
999 _c736112
_d736109